Gateway to crack GPAT & Pharmacy :Competitive Entrance Exams (Record no. 11448)

MARC details
000 -LEADER
fixed length control field 00425nam a22001577a 4500
003 - CONTROL NUMBER IDENTIFIER
control field OSt
008 - FIXED-LENGTH DATA ELEMENTS--GENERAL INFORMATION
fixed length control field 220716b ||||| |||| 00| 0 eng d
020 ## - INTERNATIONAL STANDARD BOOK NUMBER
International Standard Book Number 9789391910860
082 ## - DEWEY DECIMAL CLASSIFICATION NUMBER
Classification number 378.1662 MAG
100 ## - MAIN ENTRY--PERSONAL NAME
Personal name MALVIYA,Neelesh etc
245 ## - TITLE STATEMENT
Title Gateway to crack GPAT & Pharmacy :Competitive Entrance Exams
260 ## - PUBLICATION, DISTRIBUTION, ETC. (IMPRINT)
Place of publication, distribution, etc Hyderabad
Name of publisher, distributor, etc PharmaMed Press
Date of publication, distribution, etc 2022
300 ## - PHYSICAL DESCRIPTION
Extent MISC
650 ## - SUBJECT ADDED ENTRY--TOPICAL TERM
Topical term or geographic name as entry element Career Guidance
942 ## - ADDED ENTRY ELEMENTS (KOHA)
Source of classification or shelving scheme Dewey Decimal Classification
Koha item type Text Books
942 ## - ADDED ENTRY ELEMENTS (KOHA)
-- 1
Holdings
Withdrawn status Lost status Source of classification or shelving scheme Damaged status Not for loan Collection code Home library Current library Date acquired Source of acquisition Currency Cost, normal purchase price Bill Number Total Checkouts Full call number Acc. no. / Barcode Date last seen Date last borrowed Actual Cost, discounted price Bill Date Koha item type
    Dewey Decimal Classification     B.Pharma PIET C-LIBRARY PIET C-LIBRARY 16/07/2022 B.S.P Books Pvt.Ltd Indian Rup 895.00 45532 5 378.1662 MAG BP1834 03/06/2024 24/05/2024 626.40 02/07/2022 Reference Books
    Dewey Decimal Classification     B.Pharma PIET C-LIBRARY PIET C-LIBRARY 16/07/2022 B.S.P Books Pvt.Ltd Indian Rup 895.00 45532 3 378.1662 MAG BP1835 10/03/2026 06/02/2026 626.40 02/07/2022 Text Books
    Dewey Decimal Classification     B.Pharma PIET C-LIBRARY PIET C-LIBRARY 16/07/2022 B.S.P Books Pvt.Ltd Indian Rup 895.00 45532 1 378.1662 MAG BP1836 09/03/2026 20/02/2026 626.40 02/07/2022 Text Books
    Dewey Decimal Classification     B.Pharma PIET C-LIBRARY PIET C-LIBRARY 16/07/2022 B.S.P Books Pvt.Ltd Indian Rup 895.00 45532 1 378.1662 MAG BP1837 10/03/2026 25/02/2026 626.40 02/07/2022 Text Books
    Dewey Decimal Classification     B.Pharma PIET C-LIBRARY PIET C-LIBRARY 16/07/2022 B.S.P Books Pvt.Ltd Indian Rup 895.00 45532 2 378.1662 MAG BP1838 13/03/2026 16/02/2026 626.40 02/07/2022 Text Books

Design & Developed by: PIET Central Library
R70 Miles Stone Pattikalyana Samalkha Panipat 132102
mail ID :- [email protected], Phone No:- 0180-2569700 Ex.216